000
00237nam a2200097Ia 4500
001
703901
005
20250826162400.0
008
250824s9999 xx 000 0 und d
245
0
_a
PARMAK UÇLARI
_c
SERAN DEMİRAL
260
_b
TUDEM YAYINLARI
999
_c
703901
_d
703901